00777nam a22001097a 4500040000800000082002700008100001900035245047300054260002600527300002700553856008700580 cRUA aAVM HEA 2012 B103 Or.1 aHEANG, PISETH. astudy on period of semen conserv ation by different raising solution in cpraks at samroang torng district, dampong speu province (សិក្សាពីរយះពេលរក្សាទឹកកាមជ្រូក ដោយល្បាយចិញ្ចឹមផ្សេងគ្នា នៅកសិដ្ឋានសមាគមអ្នកចិញ្ចឹមជ្រូក ស្រុកសំរោងទង ខេត្តកំពង់ស្ពឺ) aPhnom PenhbRUAc2012 axii, 58p.bill.c29cm. uhttps://drive.google.com/file/d/1nGQvsA9B_EgT_w2QLdzfkujkWgNO6dc4/view?usp=sharing